<?xml version="1.0" encoding="UTF-8"?>
<record
    xmlns:xsi="http://www.w3.org/2001/XMLSchema-instance"
    xsi:schemaLocation="http://www.loc.gov/MARC21/slim http://www.loc.gov/standards/marcxml/schema/MARC21slim.xsd"
    xmlns="http://www.loc.gov/MARC21/slim">

  <leader>01018cam a2200361 c 4500</leader>
  <controlfield tag="001">a499929</controlfield>
  <controlfield tag="003">DO-SdBNP</controlfield>
  <controlfield tag="005">20171116131840.0</controlfield>
  <controlfield tag="007">a499929</controlfield>
  <controlfield tag="008">110221s2010   mx    | |||| 000 f spa  </controlfield>
  <datafield tag="015" ind1=" " ind2=" ">
    <subfield code="a"> </subfield>
  </datafield>
  <datafield tag="017" ind1=" " ind2=" ">
    <subfield code="a"> </subfield>
    <subfield code="b"> </subfield>
  </datafield>
  <datafield tag="020" ind1=" " ind2=" ">
    <subfield code="a">9789707703285</subfield>
  </datafield>
  <datafield tag="035" ind1=" " ind2=" ">
    <subfield code="a"> </subfield>
  </datafield>
  <datafield tag="040" ind1=" " ind2=" ">
    <subfield code="a">BPMSU</subfield>
    <subfield code="b">spa</subfield>
    <subfield code="c">BPMSU</subfield>
    <subfield code="e"> </subfield>
  </datafield>
  <datafield tag="080" ind1=" " ind2=" ">
    <subfield code="a"> </subfield>
  </datafield>
  <datafield tag="082" ind1=" " ind2="4">
    <subfield code="2"> </subfield>
    <subfield code="a">Pe863.44</subfield>
    <subfield code="b">V297t</subfield>
  </datafield>
  <datafield tag="100" ind1="1" ind2=" ">
    <subfield code="a">Vargas Llosa, Mario,</subfield>
    <subfield code="d">1936-</subfield>
  </datafield>
  <datafield tag="245" ind1="1" ind2="3">
    <subfield code="a">La t&#xED;a Julia y el escribidor /</subfield>
    <subfield code="h"> </subfield>
    <subfield code="c">Mario Vargas Llosa</subfield>
  </datafield>
  <datafield tag="250" ind1=" " ind2=" ">
    <subfield code="a"> </subfield>
  </datafield>
  <datafield tag="260" ind1=" " ind2=" ">
    <subfield code="a">M&#xE9;xico : </subfield>
    <subfield code="b">Alfaguara</subfield>
    <subfield code="c">2010</subfield>
  </datafield>
  <datafield tag="300" ind1=" " ind2=" ">
    <subfield code="a">466 p. ;</subfield>
    <subfield code="c">23 cm</subfield>
  </datafield>
  <datafield tag="440" ind1=" " ind2=" ">
    <subfield code="p"> </subfield>
  </datafield>
  <datafield tag="490" ind1=" " ind2=" ">
    <subfield code="a">Biblioteca Mario Vargas Llosa </subfield>
  </datafield>
  <datafield tag="500" ind1=" " ind2=" ">
    <subfield code="a">Incluye datos biogr&#xE1;ficos del autor en la solapa de la cubierta </subfield>
  </datafield>
  <datafield tag="586" ind1=" " ind2=" ">
    <subfield code="a">Premio Nobel de literatura 2010</subfield>
  </datafield>
  <datafield tag="650" ind1=" " ind2=" ">
    <subfield code="a">NOVELA PERUANA </subfield>
  </datafield>
  <datafield tag="650" ind1=" " ind2=" ">
    <subfield code="a">LITERATURA PERUANA </subfield>
  </datafield>
  <datafield tag="830" ind1=" " ind2="0">
    <subfield code="a">Biblioteca Mario Vargas Llosa </subfield>
  </datafield>
  <datafield tag="942" ind1=" " ind2=" ">
    <subfield code="2">ddc</subfield>
    <subfield code="c">BK</subfield>
  </datafield>
  <datafield tag="945" ind1=" " ind2=" ">
    <subfield code="a"> Inventariado extranjero / 2017 VM</subfield>
  </datafield>
  <datafield tag="952" ind1=" " ind2=" ">
    <subfield code="0">0</subfield>
    <subfield code="1">0</subfield>
    <subfield code="2">ddc</subfield>
    <subfield code="4">0</subfield>
    <subfield code="7">0</subfield>
    <subfield code="8">CG</subfield>
    <subfield code="a">BPMET</subfield>
    <subfield code="b">BPMET</subfield>
    <subfield code="d">2016-07-07</subfield>
    <subfield code="e">ALFAGUARA</subfield>
    <subfield code="l">0</subfield>
    <subfield code="o">Pe863.44V297t</subfield>
    <subfield code="p">BPMSU16070234</subfield>
    <subfield code="r">2016-07-07</subfield>
    <subfield code="w">2016-07-07</subfield>
    <subfield code="y">BK</subfield>
  </datafield>
  <datafield tag="952" ind1=" " ind2=" ">
    <subfield code="0">0</subfield>
    <subfield code="1">0</subfield>
    <subfield code="2">ddc</subfield>
    <subfield code="4">0</subfield>
    <subfield code="7">0</subfield>
    <subfield code="8">CG</subfield>
    <subfield code="a">BPMET</subfield>
    <subfield code="b">BPMET</subfield>
    <subfield code="d">2016-07-07</subfield>
    <subfield code="e">ALFAGUARA</subfield>
    <subfield code="l">0</subfield>
    <subfield code="o">Pe863.44 V297t</subfield>
    <subfield code="p">BPMSU16070235</subfield>
    <subfield code="r">2016-07-07</subfield>
    <subfield code="t">e. 2</subfield>
    <subfield code="w">2016-07-07</subfield>
    <subfield code="y">BK</subfield>
  </datafield>
  <datafield tag="952" ind1=" " ind2=" ">
    <subfield code="0">0</subfield>
    <subfield code="1">0</subfield>
    <subfield code="2">ddc</subfield>
    <subfield code="4">0</subfield>
    <subfield code="7">0</subfield>
    <subfield code="8">CG</subfield>
    <subfield code="a">BPMET</subfield>
    <subfield code="b">BPMET</subfield>
    <subfield code="d">2016-07-07</subfield>
    <subfield code="e">ALFAGUARA</subfield>
    <subfield code="l">0</subfield>
    <subfield code="o">Pe863.44 V297t</subfield>
    <subfield code="p">BPMSU16070236</subfield>
    <subfield code="r">2016-07-07</subfield>
    <subfield code="t">e. 3</subfield>
    <subfield code="w">2016-07-07</subfield>
    <subfield code="y">BK</subfield>
  </datafield>
  <datafield tag="956" ind1=" " ind2=" ">
    <subfield code="a"> VMATEO</subfield>
    <subfield code="b">10</subfield>
    <subfield code="c">20160706</subfield>
    <subfield code="d">BPMSU</subfield>
    <subfield code="f">0069</subfield>
  </datafield>
  <datafield tag="999" ind1=" " ind2=" ">
    <subfield code="c">10764</subfield>
    <subfield code="d">10764</subfield>
  </datafield>
</record>
